00419nam a2200157Ia 4500020001800000082001800018100001900036245003900055260003800094300001200132440002200144504001900166650002800185650002900213650001900242 a9788125063148 a327.554 PAN-I aPant, Harsh V. 0aIndian foreign policy: an overview aNew DelhibOrient Blackswanc2016 ax, 246p aStrategic studies aincludes index aInternational relations aIndiavForeign relations aForeign policy